000
00476nam a2200169Ia 4500
008
090711s9999 xx 000 0 und d
082
_b
40875
100
_a
वर्टी अनंत वा.
245
_a
पतिव्रता
260
_c
1979
300
_a
148
600
_a
वर्टी अनंत वा.
630
_a
पतिव्रता
700
_a
वर्टी अनंत वा.
730
_a
पतिव्रता
942
_c
BOOK
999
_c
298543
_d
298543